Soccer Players by Letter - L - Statistics

General Stats
  • This quiz has been taken 475 times
  • The average score is 8 of 12
Answer Stats
Picture Answer % Correct
Robert Lewandowski
98%
Romelu Lukaku
97%
Philipp Lahm
96%
Frank Lampard
93%
Hugo Lloris
91%
David Luiz
87%
Aymeric Laporte
69%
Henrik Larsson
56%
Gary Lineker
54%
Michael Laudrup
50%
Freddie Ljungberg
32%
Denis Law
21%
No matching quizzes found
Score Distribution
Percent of People with Each Score
Percentile by Number Answered
Your Score History
You have not taken this quiz